Cost model (Record no. 83627)
[ view plain ]
| 000 -LEADER | |
|---|---|
| fixed length control field | 00836cab a22001935a 4500 |
| 001 - CONTROL NUMBER | |
| control field | L154459 |
| 008 - FIXED-LENGTH DATA ELEMENTS--GENERAL INFORMATION | |
| fixed length control field | 111207e20111104xxk 000 0 eng d |
| 035 ## - SYSTEM CONTROL NUMBER | |
| System control number | (Sirsi) u154459 |
| 041 0# - LANGUAGE CODE | |
| Language code of text/sound track or separate title | eng |
| 100 1# - MAIN ENTRY--PERSONAL NAME | |
| Personal name | le Roux, Hein |
| 245 00 - TITLE STATEMENT | |
| Title | Cost model |
| Remainder of title | temporary venues |
| 260 ## - PUBLICATION, DISTRIBUTION, ETC. | |
| Date of publication, distribution, etc. | 2011 |
| 490 ## - SERIES STATEMENT | |
| Series statement | Building |
| Volume/sequential designation | 276 (8706) 2 December 2011, 42-47(6) |
| 520 ## - SUMMARY, ETC. | |
| Summary, etc. | Looks at temporary venues for sporting events; introduction, catering for size and scale, trends in major sporting event growth, event vision versus legacy vision, infrastructure and transport, environmental protection and sustainability, accommodation demands from games stakeholders, capital expenditure and finance options, temporary venue cost model; Olympics. |
| 590 ## - LOCAL NOTE (RLIN) | |
| Local note | KA |
| 651 #4 - SUBJECT ADDED ENTRY--GEOGRAPHIC NAME | |
| Geographic name | International |
| 690 ## - LOCAL SUBJECT ADDED ENTRY--TOPICAL TERM (OCLC, RLIN) | |
| Topical term or geographic name as entry element | BUILT ENVIRONMENT-BUILDING COSTS |
| 942 ## - ADDED ENTRY ELEMENTS (KOHA) | |
| Suppress in OPAC | 0 |
| Withdrawn status | Lost status | Source of classification or shelving scheme | Damaged status | Not for loan | Home library | Current library | Shelving location | Date acquired | Total Checkouts | Full call number | Barcode | Date last seen | Copy number | Price effective from | Koha item type |
|---|---|---|---|---|---|---|---|---|---|---|---|---|---|---|---|
| Dewey Decimal Classification | London | London | Journal article | 07/12/2011 | L154459 | 154459-1001 | 06/08/2019 | 1 | 06/08/2019 | Journal article |